La religion: dans les limites de la simple raison 1793

保存先:
書誌詳細
フォーマット: 図書
言語:フランス語
出版事項: París J. Vrin 1968
版:4a. ed
シリーズ:Bibliothèque des Textes Philosophiques
主題:
タグ: タグ追加
タグなし, このレコードへの初めてのタグを付けませんか!

MARC

LEADER 00000nam a2200000 a 4500
001 UCZ3038
003 CL-VaPUC
005 20210512001633.0
008 951013e19680000FR |||||||||||||||||fre|d
999 |c 239568  |d 239566 
040 |c Pontificia Universidad Católica de Valparaíso 
082 0 4 |a 142.3  |b KAN  |2 21 
245 1 3 |a La religion: dans les limites de la simple raison 1793 
250 |a 4a. ed 
260 |a París  |b J. Vrin  |c 1968 
300 |a 267 p 
490 0 |a Bibliothèque des Textes Philosophiques 
583 |a last modification  |c 19951013 00:00:00  |k Rodrigo Vera 
650 0 |a Filosofía de la religión   |9 256017 
650 0 |a Teología   |9 258766 
650 0 |a Razón   |9 314475 
650 0 |a Filosofía alemana   |9 265002 
852 |a BIBCUR 
942 |c BK  |2 ddc 
945 |d 19951013 00:00:00  |a cmena 
952 |0 0  |1 0  |4 0  |6 142_300000000000000_KAN_1968  |7 0  |8 P  |9 250818  |a BIBEDU  |b BIBEDU  |c BIBEDU_PB  |d 2019-11-18  |i 1583271  |o 142.3 KAN 1968  |p 1583271  |r 2024-01-25  |w 2019-11-18  |y BK  |k FIL